| 000 | 00477 a2200169 4500 | ||
|---|---|---|---|
| 003 | OSt | ||
| 005 | 20231226105519.0 | ||
| 008 | 231226b |||||||| |||| 00| 0 eng d | ||
| 020 | _a9789350723784 | ||
| 040 | _coclc | ||
| 082 |
_a891.431 _bPRA/J |
||
| 100 |
_aPrasad, Jai Shankar _95848 |
||
| 245 |
_aJHARNA / _cJai Shankar Prasad |
||
| 260 |
_aNew Delhi: _bVani Prakashan, _c2014. |
||
| 300 | _a88p | ||
| 942 |
_2ddc _cBK _h891.431 _iPRA/J _k891.431 _mPRA/J |
||
| 999 |
_c43577 _d43577 |
||